Logo BPK

Biblioteka

Politechniki Koszalińskiej

Modele kompetencyjne w zarządzaniu zasobami ludzkimi / (Rekord nr 43305)

Szczegóły MARC
000 -ETYKIETA REKORDU
podpole kontrolne o stałej długości 00978nam a2200277 i 4500
001 - NUMER KONTROLNY REKORDU
pole kontrolne bg
020 ## - MIĘDZYNARODOWY ZNORMALIZOWANY NUMER KSIĄŻKI - ISBN
ISBN 838935506X
040 ## - ŹRÓDŁO KATALOGOWANIA
Instytucja, która utworzyła rekord BPK
041 1# - KOD JĘZYKA
Kod języka tekstu pol
Kod języka oryginału eng
080 ## - UNIWERSALNA KLASYFIKACJA DZIESIĘTNA - UKD
UKD 331.108:658.3
920 ## - Międzynarodowy znormalizowany numer książki – ISBN
ISBN 83-89355-06-X
008 - POLE O STAŁEJ DŁUGOŚCI - DANE KONTROLNE
podpole kontrolne o stałej długości s pl f |000 0 pol
100 1# - NAZWA OSOBOWA
Nazwa osobowa WHIDDETT, Steve.
245 10 - TYTUŁ/ODPOWIEDZIALNOŚĆ
Tytuł Modele kompetencyjne w zarządzaniu zasobami ludzkimi /
Pozostałe elementy strefy tytułu i oznaczenia odpowiedzialności Steve Whiddett, Sarah Hollyforde ; przeł. Grzegorz Sałuta.
260 ## - STREFA ADRESU WYDAWNICZEGO
Miejsce wydania Kraków :
Nazwa wydawcy/dystrybutora Oficyna Ekonomiczna. Oddział Polskich Wydawnictw Profesjonalnych,
Data publikacji, dystrybucji/powstania dokumentu 2003.
300 ## - STREFA OPISU FIZYCZNEGO
Objętość 239 s. ;
Rozmiary 24 cm.
490 1# - STREFA SERII I DOKUMENTU WIELOCZĘŚCIOWEGO - FORMA NIE DO WYSZUKIWANIA
Tytuł i oznaczenie odpowiedzialności serii Zarządzanie Zasobami Ludzkimi (HR)
504 ## - UWAGA DOTYCZĄCA BIBLIOGRAFII
Informacje o bibliografii Bibliogr. - Indeks.
650 #9 - HASŁO PRZEDMIOTOWE W FORMIE NAZWY OGÓLNEJ LUB JEDNOSTKOWEJ
Nazwa ogólna lub geograficzna Kadry
Określnik ogólny polityka
650 #9 - HASŁO PRZEDMIOTOWE W FORMIE NAZWY OGÓLNEJ LUB JEDNOSTKOWEJ
Nazwa ogólna lub geograficzna Przedsiębiorstwo
Określnik ogólny zatrudnienie
700 1# - HASŁO DODATKOWE - NAZWA OSOBOWA
Nazwa osobowa HOLLYFORDE, Sarah
700 1# - HASŁO DODATKOWE - NAZWA OSOBOWA
Nazwa osobowa SAŁUTA, Grzegorz.
Określenie związku między hasłem a opisywanym materiałem Tł.
830 ## - HASŁO DODATKOWE SERII LUB DOKUMENTU WIELOCZĘŚCIOWEGO - TYTUŁ UJEDNOLICONY
Tytuł ujednolicony Zarządzanie Zasobami Ludzkimi (HR)
856 ## - LOKALIZACJA I DOSTĘP DO ELEKTRONICZNYCH DOKUMENTÓW ZDALNYCH
Link (URL) http://koha.tu.koszalin.pl/cgi-bin/koha/opac-detail.pl?biblionumber=43305
Tekst linku Katalog online BPK
942 ## - DODATKOWE ELEMENTY (KOHA)
Typ dokumentu Książka
Egzemplarze
Wycofany Status egzemplarza Uszkodzony Dostępność Lokalizacja stała Lokalizacja bieżąca Miejsce przechowywania Sygnatura Kod kreskowy Ostatnio wypożyczono Typ dokumentu
      Dostępny Biblioteka Politechniki Koszalińskiej Biblioteka Politechniki Koszalińskiej Wypożyczalnia BG 68644 02012681 24.01.2019 Książka
© 2023 Biblioteka Politechniki Koszalińskiej :: KOHA